000
00305nam a22001097a 4500
008
160629b xxu||||| |||| 00| 0 eng d
100
_9
1350
_a
Maheswari, et al
245
_a
Laboratory Manual in Biology - XII
260
_a
N.D
_b
Arya
_c
2005
300
_a
Laboratory Manual in Biology - XII
942
_2
ddc
_c
BK
999
_c
1110
_d
1110